000 00664nam a22002057a 4500
005 20251108170759.0
008 250721s2001 xx 000 0 ara d
082 1 4 _a956.66/طوخ
100 1 _aالطوخي، رشيد بن محمد
245 1 0 _aحادثة في جزيرة أبو موسى /
264 1 _aباريس :
_bمؤسسة الوقائع للدراسات،
_c2001.
300 _a103ص
650 1 7 _aتاريخ الإمارات العربية
650 1 7 _aتاريخ الشارقة
650 1 7 _aالجزر العربية
650 1 7 _aجزيرة أبو موسى
650 1 7 _aالخليج العربية
942 _2ddc
_cBK
999 _c48823
_d48823